Quick Pick: 1991 Events Quiz Stats

 Plays Quiz Updated Aug 29, 2018

Challenge
Share
Tweet
Embed
Score 0/10 Timer 01:00
2 Plays Today
% Correct
Iraq
97.4%
India
91.1%
United Kingdom
85.3%
Norway
82.1%
Kyrgyzstan
72%
Haiti
70.3%
Nigeria
66.9%
Estonia
55%
Sierra Leone
53.1%
Somalia
44.2%

Today's Daily Dose

You're not logged in!

Compare scores with friends on all Sporcle quizzes.
Join for Free
OR
Log In

You Might Also Like...

Show Comments

Extras

Top Quizzes Today


Score Distribution

Your Account Isn't Verified!

In order to create a playlist on Sporcle, you need to verify the email address you used during registration. Go to your Sporcle Settings to finish the process.

Report this User

Report this user for behavior that violates our Community Guidelines.

Details: